| 000 | 01112cam a22003253a 4500 | ||
|---|---|---|---|
| 001 | 3226 | ||
| 003 | PGUSA | ||
| 005 | 20140828083027.0 | ||
| 008 | 020501s2002||||xxu|||||s|||||000 | eng d | ||
| 040 |
_aPGUSA _beng |
||
| 042 | _adc | ||
| 050 | 4 | _aND | |
| 100 | 1 |
_aDürer, Albrecht, _d1471-1528 |
|
| 245 | 1 | 0 |
_aRecords of Journeys to Venice and the Low Countries _h[electronic resource] / _cAlbrecht Dürer |
| 260 |
_bProject Gutenberg, _c2002 |
||
| 506 | _aPublic domain in the USA. | ||
| 516 | _aElectronic text | ||
| 653 | _aDürer, Albrecht, 1471-1528 -- Travel | ||
| 653 | _aPirckheimer, Willibald, 1470-1530 -- Correspondence | ||
| 653 | _aArtists -- Germany -- Diaries | ||
| 653 | _aDürer, Albrecht, 1471-1528 -- Diaries | ||
| 653 | _aArtists -- Germany -- Correspondence | ||
| 653 | _aDürer, Albrecht, 1471-1528 -- Correspondence | ||
| 653 | _aVenice (Italy) -- Description and travel | ||
| 653 | _aNetherlands -- Description and travel | ||
| 700 | 1 |
_aTombo, Rudolf, _d1875-1914 |
|
| 830 | 0 |
_aProject Gutenberg _v3226 |
|
| 856 | 4 | 0 | _uhttp://www.gutenberg.org/ebooks/3226 |
| 942 | _cEB | ||
| 999 |
_c232555 _d232555 |
||